000 00406nam a2200169Ia 4500
008 230524s9999 xx 000 0 und d
082 _a621.382
_bMEH
100 _aY.P.Mehta
245 0 _aBasic Electrical Engineering
250 _a2ND
260 _aNEW DELHI
_bDhanpat Rai
_c2005
300 _aVII;645
500 _aQuantity Number: 2
650 _aElectrical
700 _a A.K.Gupta
942 _cBK
999 _c36832
_d36832